Normal view
MARC view
- Zaman , Muhammad
Entry Personal Name
001 - CONTROL NUMBER
- control field: 106107
003 - CONTROL NUMBER IDENTIFIER
- control field: NUST
005 - DATE AND TIME OF LATEST TRANSACTION
- control field: 20221227174907.0
008 - FIXED-LENGTH DATA ELEMENTS
- fixed length control field: 221227|| aca||aabn | a|a d
040 ## - CATALOGING SOURCE
- Original cataloging agency: NUST
- Transcribing agency: NUST
100 ## - HEADING--PERSONAL NAME
- Personal name: Zaman , Muhammad
670 ## - SOURCE DATA FOUND
- Source citation: Work cat.: (NUST)185802: Zaman , Muhammad,, Electronic warfare humbled qaddafi :, 1998
